Devinez l'État Américain Mystère #1 - Statistiques

Statistiques générales
  • Ce quiz a été pris 453 fois
  • Le résultat moyen est 26 sur 36
Statistiques - réponses
Type de Réponse Réponse % Correct
Lettre Trouvée A
99%
Lettre Trouvée I
99%
Lettre Trouvée N
99%
Lettre Trouvée O
99%
Lettre Trouvée E
98%
Lettre Trouvée L
97%
Lettre de l'Alphabet R
97%
Lettre Trouvée S
97%
Lettre de l'Alphabet C
91%
Lettre de l'Alphabet K
91%
Lettre de l'Alphabet M
91%
Lettre de l'Alphabet T
91%
Lettre de l'Alphabet W
90%
Lettre de l'Alphabet D
88%
Lettre de l'Alphabet H
87%
Lettre de l'Alphabet G
86%
Lettre de l'Alphabet Y
83%
Lettre de l'Alphabet F
81%
Lettre Trouvée U
81%
Lettre de l'Alphabet V
71%
Lettre de l'Alphabet B
69%
Lettre de l'Alphabet X
67%
Lettre de l'Alphabet P
64%
Lettre de l'Alphabet Z
60%
Lettre de l'Alphabet J
51%
Lettre Bien Placée E
50%
Lettre de l'Alphabet Q
48%
Lettre Bien Placée A
44%
Lettre Bien Placée I
44%
Lettre Bien Placée I
44%
Lettre Bien Placée L
44%
État Mystère Louisiane
44%
Lettre Bien Placée N
44%
Lettre Bien Placée O
44%
Lettre Bien Placée S
44%
Lettre Bien Placée U
44%
Aucun quiz correspondant
Distribution des résultats
% des personnes avec chaque résultat
Percentile par nombre de réponses
Votre historique - résultats
Vous n’avez pas pris ce quiz